الموجز في طب المجتمع / (رقم التسجيلة. 12174)

تفاصيل مارك
000 -LEADER
fixed length control field 00570nam a22001817a 4500
005 - DATE AND TIME OF LATEST TRANSACTION
control field 20251108164711.0
008 - FIXED-LENGTH DATA ELEMENTS--GENERAL INFORMATION
fixed length control field 250721s1989 xx 000 0 ara d
082 14 - DEWEY DECIMAL CLASSIFICATION NUMBER
Classification number 614/بار
100 1# - MAIN ENTRY--PERSONAL NAME
Personal name بارك، د. ج. أ.
245 10 - TITLE STATEMENT
Title الموجز في طب المجتمع /
264 1# - PRODUCTION, PUBLICATION, DISTRIBUTION, MANUFACTURE, AND COPYRIGHT NOTICE
Place of production, publication, distribution, manufacture طرابلس (ليبيا) :
Name of producer, publisher, distributor, manufacturer مجمع الفاتح للجامعات،
Date of production, publication, distribution, manufacture, or copyright notice 1989.
300 ## - PHYSICAL DESCRIPTION
Extent 415ص
650 17 - SUBJECT ADDED ENTRY--TOPICAL TERM
Topical term or geographic name as entry element الصحة العامة
700 1# - ADDED ENTRY--PERSONAL NAME
Personal name الهوني، الزروق مصباح
Relator term ترجمة
700 1# - ADDED ENTRY--PERSONAL NAME
Personal name الحضيري، سالم
942 ## - ADDED ENTRY ELEMENTS (KOHA)
Source of classification or shelving scheme Dewey Decimal Classification
Koha item type كتب
المقتنيات
حالة السحب حالة الفقدان مصدر التصنيف حالة التلف غير قابل للإعارة المكتبة الرئيسية المكتبة الحالية موقع الرف تاريخ التزويد الرقم المتسلسل Total Checkouts رقم الإستدعاء الباركود تاريخ آخر ظهور تاريخ الفاتورة نوع المادة (كوها)
    Dewey Decimal Classification     المكتبة المركزية المكتبة المركزية الإعارة 06/07/2004 203890   614/بار 203890 28/07/2025 06/07/2004 كتب
Implemented & Customized by: BBB with SCIT (Smart Chains for Information Technology)

Powered by Koha